00680nam a2200193 i 450000100060000000300090000600500170001500700030003200800410003508000380007608000110011410000510012524501330017626000510030930000210036060000510038160000310043285200230046330815ES-MaACL20260129063019.0t|200729s1863 sz ||||1| fre d a930 Renan, Ernest. Vie de Jésus a27-3121 aGinoulhiac, Jacques Marie Achille, d1806-187510aLettre de Monseigneur l'Évêque de Grenoble, à l'un de ses vicaires généraux, sur "La vie de Jésus", par M. E. Renan. a[Grenoble] : b[Typogr. A. Baratier], c[1863] a84 p. ; c22 cm.17aRenan, Ernest, d1823-1892. tVie de Jésus204aJesucristo-xBiografías.4 aES-MaACLjT-82-F-6